Statistics for Every 100k+ Eastern European City on a Map with Exceptions

Click here to take the quiz!

General Stats

  • This quiz has been taken 934 times
  • The average score is 69 of 135

Answers on the Map

Answers color-coded by a green-red scale on the quiz's map according to % correct below.
 

Answer Stats

PopulationCity% Correct
1,752,286Budapest
98%
2,967,360Kiev
98%
2,009,786Minsk
98%
1,335,084Prague
98%
1,883,425Bucharest
97%
1,221,785Sofia
97%
1,794,166Warsaw
97%
440,948Bratislava
95%
1,017,699Odessa
95%
532,513Chișinău
94%
779,966Kraków
94%
470,805Gdańsk
93%
1,443,207Kharkiv
93%
724,314Lviv
93%
382,405Brno
91%
908,456Donetsk
90%
672,185Łódź
90%
990,724Dnipro
87%
324,576Cluj-Napoca
86%
290,553Katowice
86%
641,928Wrocław
86%
532,048Poznań
84%
340,318Brest
82%
332,394Varna
82%
401,297Luhansk
81%
342,048Plovdiv
81%
338,586Lublin
80%
436,569Mariupol
79%
398,255Szczecin
79%
507,795Gomel
78%
238,138Košice
78%
284,982Ostrava
78%
283,872Constanța
76%
201,432Debrecen
76%
133,807Tiraspol
74%
244,969Gdynia
72%
319,279Timișoara
71%
731,922Zaporizhia
70%
198,593Burgas
69%
175,219Plzeň
69%
290,422Iași
68%
286,958Kherson
68%
296,958Białystok
66%
619,278Kryvyi Rih
62%
344,091Bydgoszcz
61%
253,200Brașov
58%
480,080Mykolaiv
58%
357,510Grodno
57%
142,873Pécs
57%
362,949Vitebsk
57%
132,028Győr
55%
357,404Mogilev
52%
262,119Sumy
52%
286,649Poltava
51%
237,686Ivano-Frankivsk
49%
104,261Liberec
49%
160,766Szeged
49%
286,899Chernihiv
48%
100,514Olomouc
48%
269,506Craiova
47%
249,432Galați
47%
198,613Toruń
46%
127,839Opole
45%
209,296Radom
45%
135,440Ruse
45%
159,074Arad
42%
217,530Częstochowa
42%
150,768Melitopol
42%
223,462Ternopil
42%
193,415Kielce
41%
247,003Rivne
41%
370,707Vinnytsia
41%
217,315Lutsk
40%
196,638Rzeszów
40%
267,060Chernivtsi
39%
154,521Miskolc
39%
196,367Oradea
39%
125,732Stara Zagora
39%
177,049Gliwice
38%
125,900Pinsk
38%
115,542Uzhhorod
38%
274,762Cherkasy
37%
118,582Elbląg
37%
171,249Olsztyn
37%
209,945Ploiești
37%
118,268Płock
36%
341,362Makiivka
35%
123,738Baia Mare
34%
155,383Pitești
34%
102,411Satu Mare
34%
147,245Sibiu
34%
197,586Sosnowiec
34%
264,318Zhytomyr
34%
107,498Tarnów
33%
126,871Tychy
33%
170,924Zabrze
33%
169,756Bielsko-Biała
32%
180,302Brăila
32%
163,255Bytom
32%
242,224Horlivka
32%
106,235Koszalin
32%
150,084Kramatorsk
32%
134,290Târgu Mureș
32%
140,892Zielona Góra
32%
144,307Bacău
31%
137,128Rybnik
31%
106,846Chorzów
29%
122,589Gorzów Wielkopolski
29%
101,135Sievierodonetsk
29%
107,464Nikopol
28%
108,561Włocławek
28%
211,389Babruysk
27%
273,713Khmelnytskyi
27%
136,423Ruda Śląska
27%
106,972Sloviansk
27%
107,928Berdyansk
26%
115,494Buzău
26%
219,022Kremenchuk
26%
110,687Kecskemét
25%
109,971Wałbrzych
25%
209,238Bila Tserkva
24%
109,473Brovary
24%
103,391Lida
24%
106,505Orsha
24%
174,183Baranovichi
23%
106,847Botoșani
23%
225,339Kropyvnytskyi
23%
118,285Dąbrowa Górnicza
22%
116,799Nyíregyháza
22%
106,550Alchevsk
21%
100,824Salihorsk
21%
139,481Barysaw
20%
231,915Kamianske
20%
105,439Mazyr
20%
103,073Pavlohrad
19%

Score Distribution

Percentile by Number Answered

Percent of People with Each Score

Your Score History

You have not taken this quiz